000 00768nam a22002055i 4500
001 160041
003 ES-MaACL
005 20250722063153.0
008 040916q18801900fr |||| | fre d
040 _aCAM
_bspa
_cCAM
100 1 _aMontépin, Xavier de,
_d1823-1902
_9130123
245 1 0 _aSoeur Suzanne /
_cXavier de Montépin.
260 _aParis :
_bA. Degorce-Cadot éditeur,
_c[s.a.] (
_eImprimerie de Lagny :
_fF. Aureau)
300 _a2 v. ;
_c18 cm.
490 1 _aCollection des bons auteurs
596 _aProbablemente impreso en la segunda mitad del siglo XIX.
830 0 _aCollection des bons auteurs
_9222014
852 _aES-MaACL
_jF-9112
_z-- Enc. hol. conservando la cub. original
_q-- Sólo t.I (324 p.)
999 _c160041
_d160041